| 000 | 00655nam0a22002411 4500 | ||
|---|---|---|---|
| 001 | RU\NLR\INFOCOMM_253\5000048848 | ||
| 005 | 20250613100648.0 | ||
| 035 | _a(NLR Aleph) 009354074 | ||
| 090 |
_a7820663 _c7820662 |
||
| 100 | _a20101122d1965 |||y0rusy50 ca | ||
| 101 | 0 | _aspa | |
| 102 | _aRU | ||
| 105 | _ay ||||000|y | ||
| 200 | 1 | _aProbado en el cielo | |
| 210 |
_a[М. _d1965] |
||
| 215 | _aс. 195-236 | ||
| 300 | _aВ кн.: La barrera invisible. М., 1965, с. 195-236 | ||
| 700 | 1 |
_aGallaj _bM. L. _f1914- _gMark Lazarevič _4070 |
|
| 801 | 1 |
_aRU _bNLR _c20101122 |
|
| 801 | 0 |
_aRU _bNLR _gPSBO |
|
| 852 |
_aNLR _jТ93 Г-3/108 |
||
| 942 | _cBOOK | ||
| 980 | _aNB | ||